000 00770nam a22002057a 4500
999 _c18699
_d18699
003 AR-CdUCM
008 190515b ||||| |||| 00| 0 spa d
040 _aMUNICIPALIDAD PROVINCIAL DEL CUSCO
_cBIBLIOTECA MUNICIPAL DEL CUSCO
082 _a160.03 /
_bF39
100 _aFerrater Mora, José.
_916378
245 _aLógico matemática /
260 _aMéxico :
_bFondo de cultura económica,
_c1955.
300 _a227 páginas ;
_c22 cm.
505 _aContenido : Naturaleza de la lógica -- Lógica sentencial -- Lógica cuantificacional -- Lógica de la identidad -- Lógica de las clases ...
650 _aMatemática pura.
_920304
650 _aCiencias aplicadas.
_920077
700 _aLeblanc, Hugues.
_939437
942 _2ddc
_cLIBROS
945 _arum
_d2019-05-15